Normal view
MARC view
Entry Personal Name
001 - CONTROL NUMBER
- control field: 50017
003 - CONTROL NUMBER IDENTIFIER
- control field: ARRUPE
005 - DATE AND TIME OF LATEST TRANSACTION
- control field: 20201028105855.0
008 - FIXED-LENGTH DATA ELEMENTS
- fixed length control field: 201028|| aca||aabn | a|a d
040 ## - CATALOGING SOURCE
- Original cataloging agency: ARRUPE
- Transcribing agency: ARRUPE
100 ## - HEADING--PERSONAL NAME
- Personal name: Grisham, John
670 ## - SOURCE DATA FOUND
- Source citation: Work cat.: (ARRUPE): Grisham, John , The chamber:, 1998.